000 01799cam a22002174a 4500
005 20250605164238.0
008 250528s ||||||||||||||||||||||||d
035 _a21242
020 _a9780393704587
040 _aGR-AtMCL
_bgre
_dGR-AtMCL
_eAACR2
245 1 _aCounselling and Psychotherapy Essentials / Integrating Theories, Skills, and Practices
250 _a1st
260 _bW.W. Norton,
_c2006
300 _a446
520 _aThis textbook will be useful to students and novice practitioners alike in providing descriptions of how therapy proceeds by identification of dysfunctional patterns, at a variety of levels, and treatment planning to promote change. Preface, Acknowledgements, Introduction: A Contextual Overview of Counselling and Psychotherapy, Foundations of Counselling and Psychotherapy, Psychodynamic and Behavioral and Cognitive Theories: Concepts and Techniques, Humanistic and Multicultural and Systems Theories: Concepts and Techniques, Components of Effective Counselling and Psychotherapy, Foundations of Therapeutic Communication, Engagement: Establishing and Maintaining and Repairing Therapeutic Working Alliances, Pattern Identification and Treatment Planning, General Strategies for Facilitating Change, ECBIS Strategies for Facilitating Change, Resolving Resistance and Negotiating Transference and Countertransference Issues, Termination: Anticipating Challenges and Supporting Growth and Preventing Relapse and Preparing Clients for Their Future, Higher Incidence Concerns and Effective Treatments, Psychoeducational Interventions to Enhance Psychosocial Skills, Depression and Suicide, Anxiety and Panic Concerns, Index.
700 1 _aBeitman Bernard D.
_97268
700 1 _aGood Glenn E
_97269
942 _cBK
999 _c6309
_d6309